| 000 | 00393nam a22001577a 4500 | ||
|---|---|---|---|
| 003 | CEME | ||
| 005 | 20210628203916.0 | ||
| 008 | 210308b xxu||||| |||| 00| 0 eng d | ||
| 020 | _a0-297-82144-X | ||
| 040 | _c. | ||
| 082 | _a380.1952 OPP'T | ||
| 100 |
_aOppenhein, Phillip _967813 |
||
| 245 | _aTrade wars , japan versus the west | ||
| 260 |
_aLONDON _bWEIDENFELD _c1992 |
||
| 942 |
_cBK _2ddc |
||
| 999 |
_c575515 _d575515 |
||